Поле

Podrobná bibliografie
Hlavní autor: Рыдник В. И. Виталий Исаакович
Shrnutí:В книге в историко-научном плане рассмотрены зарождение и развитие идеи о физическом взаимодействии. История этих идей показана как смена представлений об эфире понятием физического поля, наиболее полно развитым теорией относительности, квантовой теорией и современными релятивистскими теориями поля.Книга предназначена для широкого круга читателей.
Jazyk:ruština
Vydáno: Москва, Знание, 1976
Edice:Жизнь замечательных идей
Témata:
Médium: Kniha
KOHA link:https://koha.lib.tpu.ru/cgi-bin/koha/opac-detail.pl?biblionumber=321828

MARC

LEADER 00000nam0a2200000 4500
001 321828
005 20231102003420.0
035 |a (RuTPU)RU\TPU\book\347384 
090 |a 321828 
100 |a 20160907d1976 km y0rusy50 ca 
101 0 |a rus 
102 |a RU 
105 |a y z 000zy 
200 1 |a Поле  |f В. И. Рыдник 
210 |a Москва  |c Знание  |d 1976 
215 |a 160 с. 
225 1 |a Жизнь замечательных идей 
330 |a В книге в историко-научном плане рассмотрены зарождение и развитие идеи о физическом взаимодействии. История этих идей показана как смена представлений об эфире понятием физического поля, наиболее полно развитым теорией относительности, квантовой теорией и современными релятивистскими теориями поля.Книга предназначена для широкого круга читателей. 
606 1 |a Поле, теория  |x (физика)  |2 stltpush  |3 (RuTPU)RU\TPU\subj\50048  |9 68808 
610 1 |a физика 
610 1 |a физические открытия 
610 1 |a история 
610 1 |a физические поля 
610 1 |a движение 
610 1 |a эфир 
610 1 |a кванты 
610 1 |a теория относительности 
610 1 |a вещество 
610 1 |a электрический эфир 
610 1 |a электромагнитное поле 
610 1 |a релятивистская теория 
610 1 |a библиотека А. Г. Стромберга 
675 |a 530.12  |v 3 
700 1 |a Рыдник  |b В. И.  |g Виталий Исаакович 
801 1 |a RU  |b 63413507  |c 20160907 
801 2 |a RU  |b 63413507  |c 20181102  |g RCR 
942 |c BK